<?xml version="1.0" encoding="UTF-8"?>
<record
    xmlns:xsi="http://www.w3.org/2001/XMLSchema-instance"
    xsi:schemaLocation="http://www.loc.gov/MARC21/slim http://www.loc.gov/standards/marcxml/schema/MARC21slim.xsd"
    xmlns="http://www.loc.gov/MARC21/slim">

  <leader>01410    a2200217   4500</leader>
  <controlfield tag="001">56782</controlfield>
  <controlfield tag="005">20260407155831.0</controlfield>
  <controlfield tag="008">260407a2004    arg                 spa d</controlfield>
  <controlfield tag="003">AR-UNSa-BCEJYS</controlfield>
  <datafield tag="040" ind1=" " ind2=" ">
    <subfield code="a">AR-UNSa-BCEJYS</subfield>
    <subfield code="b">spa</subfield>
    <subfield code="c">AR-UNSa-BCEJYS</subfield>
  </datafield>
  <datafield tag="080" ind1=" " ind2=" ">
    <subfield code="a">330.567.28</subfield>
    <subfield code="x">Econom&#xED;a y Finanzas de los particulares</subfield>
  </datafield>
  <datafield tag="245" ind1="1" ind2="0">
    <subfield code="a">Nino Rico, Ni&#xF1;o Listo</subfield>
    <subfield code="p">como dar a us hijos una educaci&#xF3;n financiera s&#xF3;lida</subfield>
  </datafield>
  <datafield tag="020" ind1=" " ind2=" ">
    <subfield code="a">950-511-997-6</subfield>
  </datafield>
  <datafield tag="264" ind1=" " ind2="1">
    <subfield code="a">Buenos Aires :</subfield>
    <subfield code="b">Aguilar</subfield>
    <subfield code="c">2004</subfield>
  </datafield>
  <datafield tag="300" ind1=" " ind2=" ">
    <subfield code="a">411 p.</subfield>
    <subfield code="c">24 cm.</subfield>
  </datafield>
  <datafield tag="505" ind1=" " ind2=" ">
    <subfield code="a">1. Todos los ni&#xF1;os nacen &#x2013; 2. &#xBF;Es su hijo un genio? &#x2013; 3. De poder a sus hijos &#x2013; 4.Si usted desea ser rico, debe hacer su tarea &#x2013; 5. &#xBF;Cu&#xE1;ntas formulas ganadoras necesitara su hijo? &#x2013; 6. &#xBF;Sera obsoleto su hijo al cumplir 30 a&#xF1;os de edad? &#x2013; 7. &#xBF;Podr&#xE1; retirarse su hijo antes de cumplir 30 a&#xF1;os de edad? &#x2013; 8. Mi banquero nunca me ha pedido mi boleta de calificaciones &#x2013; 9. Los ni&#xF1;os aprenden jugando &#x2013; 10.Porque los ahorradores son perdedores &#x2013; 11. La diferencia entre la deuda buena y la mala &#x2013; 12.Aprender con dinero real &#x2013; 13.Otras formas su incrementar el coeficiente intelectual financiero de su hijo &#x2013; 15. &#xBF;C&#xF3;mo descubrir el genio natural de su hijo? &#x2013; 16. El &#xE9;xito de la libertad de ser quien usted es.</subfield>
  </datafield>
  <datafield tag="942" ind1=" " ind2=" ">
    <subfield code="c">BK</subfield>
  </datafield>
  <datafield tag="590" ind1=" " ind2=" ">
    <subfield code="a">niveau_biblio:m niveau_hierar:0</subfield>
  </datafield>
  <datafield tag="100" ind1="1" ind2=" ">
    <subfield code="a">Kiyosaki, Robert T.</subfield>
  </datafield>
  <datafield tag="700" ind1="1" ind2=" ">
    <subfield code="a">Lechter C.P.A., Sharon L.</subfield>
  </datafield>
  <datafield tag="999" ind1=" " ind2=" ">
    <subfield code="c">6046</subfield>
    <subfield code="d">6046</subfield>
  </datafield>
  <datafield tag="952" ind1=" " ind2=" ">
    <subfield code="0">0</subfield>
    <subfield code="1">0</subfield>
    <subfield code="4">0</subfield>
    <subfield code="7">0</subfield>
    <subfield code="a">BCEJYS</subfield>
    <subfield code="b">BCEJYS</subfield>
    <subfield code="c">16</subfield>
    <subfield code="d">2026-04-07</subfield>
    <subfield code="l">0</subfield>
    <subfield code="o">330.567.28 K46n</subfield>
    <subfield code="p">L116825</subfield>
    <subfield code="r">2026-04-07 15:58:31</subfield>
    <subfield code="w">2026-04-07</subfield>
    <subfield code="y">L</subfield>
  </datafield>
</record>
